000 01009cam a2200253 4500
008 090401t1995 xxu||||| |||| 00| 0 eng d
020 _a1859530257
035 _a(Sirsi) u70650
041 _aeng
050 _a344.410465
100 _aHolder, Ann T.
245 _aHealth and safety for busy managers: law, risks and liabilities.
260 _aHitchin, Herts.
_bTechnical Communications (Publishing) Li
_c1995
300 _ax,82 leaves ; 30cm.
350 _a32.5
490 _aHealth & Safety Series - Best Practice Management Reports
520 _aStresses the need for senior managers in small- and medium-sized establishments to be aware of health and safety issues and the consequences of ignoring them. Gives brief reports of court cases to illustrate points made.
650 _aHEALTH AND SAFETY AT WORK ETC ACT 1974
650 _aHEALTH AND SAFETY
_96244
650 _aMANAGEMENT
690 _aMANAGEMENT-BUSINESS MANAGEMENT-PROFESSIONAL PRACTICE
942 _n0
948 _c04/03/1997
999 _c95351
_d95351